Trendy vývoja spotreby a úspor domácností na Slovensku

Trend a vývoj spotreby a úspor slovenských domácností - vplyv na výkonnosť ekonomiky a ekonomický rast. Vývoj objemu a podielu konečnej spotreby domácností a hrubých úspor prioritne vo vzťahu k hrubému disponibilnému dôchodku. Predikcia vývoja spotreby a miery úspor domácností v nasledujúcich dvoch...

Ausführliche Beschreibung

Gespeichert in:
Bibliographische Detailangaben
1. Verfasser: Záhumenská, Martina
Format: Buchkapitel
Sprache:Slowakisch
Schlagworte:
Tags: Tag hinzufügen
Keine Tags, Fügen Sie das erste Tag hinzu!

MARC

LEADER 00000nla a2200000 4500
001 0164151
005 20240502072848.1
041 0 |a slo 
044 |a SK 
245 1 0 |a Trendy vývoja spotreby a úspor domácností na Slovensku  |c Martina Záhumenská 
520 |a Trend a vývoj spotreby a úspor slovenských domácností - vplyv na výkonnosť ekonomiky a ekonomický rast. Vývoj objemu a podielu konečnej spotreby domácností a hrubých úspor prioritne vo vzťahu k hrubému disponibilnému dôchodku. Predikcia vývoja spotreby a miery úspor domácností v nasledujúcich dvoch rokoch podľa NBS. 
610 2 0 |a domácnosti 
610 2 0 |a príjmy 
610 2 0 |a spotreba domácností 
610 2 0 |a úspory obyvateľstva 
610 2 0 |a Slovensko 
100 1 |a Záhumenská, Martina